Fondateurs-Qu'ont-ils fondé? - Statistiques

Statistiques générales
  • Ce quiz a été pris 55 fois
  • Le résultat moyen est 17 sur 32
Statistiques - réponses
Fondateur Ce qu'il a fondé % Correct
Romulus Rome
96%
Jeff Bezos Amazon
94%
Mark Zuckerberg Facebook
94%
Steve Jobs Apple
92%
George Washington Etats-Unis
92%
Bill Gates Microsoft
90%
Mahomet Islam
88%
Lénine URSS
86%
Bouddha Bouddhisme
84%
Alfred Nobel Prix Nobel
84%
Karl Marx Communisme
76%
Auguste Empire Romain
69%
Coluche Restos du Coeur
67%
Roi Arthur Camelot
63%
Abraham Judaisme
59%
Pierre de Coubertin Jeux Olympiques modernes
55%
Colonel Sanders KFC
53%
Hayao Miyazaki Studios Ghibli
53%
Gengis Khan Empire mongol
51%
Sigmund Freud Psychanalyse
51%
Giuseppe Garibaldi Italie
29%
Henri Dunant Croix Rouge
27%
Samuel de Champlain Québec
27%
Shigeru Miyamoto The Legend of Zelda
27%
Robert Schuman Communautée Economique du Charbon et de l'Acier
24%
Pierre-Joseph Proudhon Anarchisme
18%
Ingvar Kamprad Ikea
18%
Satoshi Tajiri Pokémon
16%
Yahiko Akatsuki
4%
John Pemberton Coca-Cola
2%
Horace Wilcox Hollywood
2%
Gichin Funakochi Karaté
0%
Aucun quiz correspondant
Distribution des résultats
% des personnes avec chaque résultat
Percentile par nombre de réponses
Votre historique - résultats
Vous n’avez pas pris ce quiz